<?xml version="1.0" encoding="UTF-8"?>
<record
    xmlns:xsi="http://www.w3.org/2001/XMLSchema-instance"
    xsi:schemaLocation="http://www.loc.gov/MARC21/slim http://www.loc.gov/standards/marcxml/schema/MARC21slim.xsd"
    xmlns="http://www.loc.gov/MARC21/slim">

  <leader>00353    a2200109   4500</leader>
  <controlfield tag="001">ART_49624</controlfield>
  <controlfield tag="005">20260410162001.0</controlfield>
  <controlfield tag="008">260409a                                 </controlfield>
  <datafield tag="245" ind1="1" ind2="0">
    <subfield code="a">La econom&#xED;a argentina en la "edad dorada"</subfield>
  </datafield>
  <datafield tag="100" ind1="1" ind2=" ">
    <subfield code="a">Villanueva, Javier</subfield>
  </datafield>
  <datafield tag="773" ind1="0" ind2=" ">
    <subfield code="t">Bolet&#xED;n de lecturas sociales y econ&#xF3;micas</subfield>
    <subfield code="g">- A&#xF1;o 8, N&#xBA; 35 (abr. 2001)</subfield>
    <subfield code="w">REV28746</subfield>
  </datafield>
  <datafield tag="999" ind1=" " ind2=" ">
    <subfield code="c">31275</subfield>
    <subfield code="d">31275</subfield>
  </datafield>
</record>
